A-Z countries by clue - Statistics

General Stats
  • This quiz has been taken 52 times
  • The average score is 21 of 23
Answer Stats
Hint Answer % Correct
E: Home of the great pyramids Egypt
98%
H: Large Central American country Honduras
98%
J: Middles eastern country next to Israel Jordan
98%
K: Small country that used to part of Serbia Kosovo
98%
O: The only country that starts with o Oman
98%
T: Country in both Asia and Europe Turkey
98%
U: The only U country in South America Uruguay
98%
Y: Only Y country Yemen
98%
A: North African giant Algeria
96%
P: Home of the largest Canal in central america Panama
96%
Q: Home of 2022 world cup Qatar
96%
B: Borders Russia to the west Belarus
93%
F: Small islands in Oceania that produce water Fiji
93%
I: Series of islands that includes Java and Borneo Indonesia
93%
L: Landlocked southeast Asian country Laos
93%
R: Very small African nation near Uganda Rwanda
93%
D: Small Central American island nation Dominica
91%
G: Directly west of Suriname Guyana
91%
V: Oceanian islands near New Caledonia Vanuatu
91%
S: A small city state in southeast Asia Singapore
85%
M: Small island complex in Oceania Micronesia
83%
C: Small islands of Africas west Cape Verde
80%
N: Landlocked country with the capitol Niamey Niger
80%
No matching quizzes found
Score Distribution
Percent of People with Each Score
Percentile by Number Answered
Your Score History
You have not taken this quiz